[Event "BL 1314 (Women)"]
[Site "Germany"]
[Date "2014.03.29"]
[Round "10.6"]
[White "Rogozenco, Teodora Nana"]
[Black "Loeser, Sabine"]
[Result "1-0"]
[WhiteElo "1884"]
[BlackElo "1520"]
[PlyCount "159"]
[EventDate "2013.10.04"]
[EventType "team-tourn"]
[EventRounds "11"]
[EventCountry "GER"]
[SourceTitle "EXT 2018"]
[Source "ChessBase"]
[SourceDate "2017.10.13"]
[SourceVersion "1"]
[SourceVersionDate "2017.10.13"]
[SourceQuality "1"]
[WhiteTeam "Hamburger SK (W)"]
[BlackTeam "Leipzig WBA (W)"]
[WhiteTeamCountry "GER"]
[BlackTeamCountry "GER"]

1. d4 f5 2. c4 Nf6 3. Nc3 e6 4. Nf3 Bb4 5. Bd2 b6 6. g3 Bb7 7. Bg2 0-0 8. 0-0 Bxc3 9. Bxc3 Ne4 10. Bb4 d6 11. b3 Nd7 12. Qc2 Re8 13. Rfd1 Ndf6 14. Ba3 a5 15. Bb2 Qd7 16. a3 Rac8 17. e3 Qf7 18. Qe2 h6 19. Rac1 Qh5 20. Rc2 Nd7 21. Ba1 Ndf6 22. Rd3 Ng4 23. Qd1 Ng5 24. h4 Ne4 25. Ne1 Ngf6 26. Bf3 Qg6 27. Ng2 Ba8 28. Nf4 Qf7 29. h5 Ng5 30. Bxa8 Rxa8 31. Ng6 Nfe4 32. Kg2 Qd7 33. f3 Nf6 34. Qh1 Qc6 35. Rf2 d5 36. Ne5 Qd6 37. Bb2 Rac8 38. Qh4 Re7 39. Rc2 c6 40. c5 Qd8 41. Rdc3 b5 42. Rd3 Qe8 43. Ng6 Rf7 44. Rc1 Ra8 45. Rh1 Qc8 46. Rd2 Qa6 47. Qf4 Rd8 48. Qh4 Ra8 49. Qh2 Qc8 50. Qg1 Qc7 51. Rc2 Ra7 52. Qa1 Ng4 53. fxg4 Ne4 54. Qe1 fxg4 55. Ne5 Rf5 56. Rf1 Rxh5 57. Rcf2 Qb8 58. Rf4 Qc7 59. Rf8+ Kh7 60. R1f7 Qxf7 61. Rxf7 Ra8 62. Qf1 Rh3 63. Qf4 Rxg3+ 64. Qxg3 Nxg3 65. Kxg3 h5 66. Bc1 Rh8 67. Re7 Kg8 68. Re8+ Kh7 69. Rxh8+ Kxh8 70. Kh4 Kh7 71. Kxh5 g3 72. Nf3 g6+ 73. Kg4 g2 74. Kg3 Kg7 75. Kxg2 Kf6 76. Nh4 g5 77. Nf3 Kf5 78. Kg3 Ke4 79. Ne5 Kf5 80. Kf3 1-0

[Event "BL 0809 (Women)"]
[Site "Germany"]
[Date "2009.04.26"]
[Round "11.6"]
[White "Klek, Hanna Marie"]
[Black "Loeser, Sabine"]
[Result "1-0"]
[WhiteElo "2004"]
[BlackElo "1519"]
[PlyCount "93"]
[EventDate "2008.11.08"]
[EventType "team-tourn"]
[EventRounds "11"]
[EventCountry "GER"]
[SourceTitle "EXT 2010"]
[Source "ChessBase"]
[SourceDate "2010.11.25"]
[SourceVersion "1"]
[SourceVersionDate "2010.11.25"]
[SourceQuality "1"]
[WhiteTeam "Bad Koenigshofen (W)"]
[BlackTeam "Leipzig Allianz (W)"]
[WhiteTeamCountry "GER"]
[BlackTeamCountry "GER"]

1. e4 c5 2. Nf3 Nc6 3. d4 cxd4 4. Nxd4 Nf6 5. Nc3 e5 6. Ndb5 d6 7. Bg5 a6 8. Na3 b5 9. Nd5 Be7 10. Bxf6 Bxf6 11. c3 Bg5 12. Nc2 0-0 13. Bd3 Ne7 14. Ncb4 Bb7 15. a4 a5 16. Nc2 bxa4 17. Rxa4 Bxd5 18. exd5 f5 19. 0-0 e4 20. Be2 Qb6 21. b4 Rfc8 22. c4 axb4 23. Rxb4 Qa5 24. Qb1 Nxd5 25. Rb5 Qd2 26. Rxd5 Qxe2 27. Rxf5 Qxc4 28. Rxg5 Qxc2 29. Qb7 Qc3 30. Qxe4 Re8 31. Qd5+ Kh8 32. Rg3 Qe5 33. Qc6 Ra1 34. Qxe8+ Qxe8 35. Rxa1 Kg8 36. Rd1 Qe6 37. Rgd3 g6 38. Rxd6 Qf5 39. Rd7 Qc2 40. h3 h5 41. Ra1 Qc8 42. Rda7 Qc3 43. g3 Qd2 44. Rb7 Qd8 45. Ra6 Qe8 46. Rbb6 Kg7 47. Rxg6+ 1-0

[Event "BL 0809 (Women)"]
[Site "Germany"]
[Date "2009.04.25"]
[Round "10.6"]
[White "Loeser, Sabine"]
[Black "Sandner, Heike"]
[Result "0-1"]
[WhiteElo "1519"]
[BlackElo "1760"]
[PlyCount "70"]
[EventDate "2008.11.08"]
[EventType "team-tourn"]
[EventRounds "11"]
[EventCountry "GER"]
[SourceTitle "EXT 2010"]
[Source "ChessBase"]
[SourceDate "2010.11.25"]
[SourceVersion "1"]
[SourceVersionDate "2010.11.25"]
[SourceQuality "1"]
[WhiteTeam "Leipzig Allianz (W)"]
[BlackTeam "Rodewisch (W)"]
[WhiteTeamCountry "GER"]
[BlackTeamCountry "GER"]

1. e4 e5 2. Nf3 Nc6 3. Bb5 a6 4. Bxc6 dxc6 5. 0-0 Bd6 6. d4 Bg4 7. c3 Ne7 8. Qd3 Ng6 9. Nbd2 0-0 10. h3 Bc8 11. Nc4 Qe7 12. Be3 f5 13. Bg5 Qe8 14. dxe5 Nxe5 15. Ncxe5 Bxe5 16. Rfe1 f4 17. Nxe5 Qxe5 18. Bh4 g5 19. Bxg5 Qxg5 20. Kh2 f3 21. Rg1 Qe5+ 22. Kh1 Be6 23. gxf3+ Kh8 24. Rg3 Rad8 25. Qe3 Rg8 26. f4 Rxg3 27. fxg3 Qh5 28. f5 Qxh3+ 29. Kg1 Bf7 30. Kf2 Qh2+ 31. Kf3 Bh5+ 32. Kf4 Qh3 33. Rg1 Qg4+ 34. Ke5 Qg7+ 35. Kf4 Qh6+ 0-1

[Event "BL 0809 (Women)"]
[Site "Germany"]
[Date "2009.03.08"]
[Round "9.6"]
[White "Loeser, Sabine"]
[Black "Scheynin, Julia"]
[Result "0-1"]
[WhiteElo "1519"]
[BlackElo "2029"]
[PlyCount "60"]
[EventDate "2008.11.08"]
[EventType "team-tourn"]
[EventRounds "11"]
[EventCountry "GER"]
[SourceTitle "EXT 2010"]
[Source "ChessBase"]
[SourceDate "2010.11.25"]
[SourceVersion "1"]
[SourceVersionDate "2010.11.25"]
[SourceQuality "1"]
[WhiteTeam "Leipzig Allianz (W)"]
[BlackTeam "Karlsruhe 1853 (W)"]
[WhiteTeamCountry "GER"]
[BlackTeamCountry "GER"]

1. e4 e6 2. d4 d5 3. exd5 exd5 4. Bd3 Nc6 5. Ne2 Nb4 6. Bb5+ Bd7 7. Bxd7+ Qxd7 8. c3 Nc6 9. Bf4 0-0-0 10. 0-0 f6 11. Qd3 g5 12. Be3 Nh6 13. f4 g4 14. Ng3 f5 15. Nd2 Re8 16. Rfe1 Bd6 17. Ndf1 Qf7 18. Bd2 Nd8 19. Re2 Ne6 20. Rf2 Rhf8 21. Ne2 Ng8 22. Nfg3 h5 23. Nf1 h4 24. h3 Ne7 25. Kh1 g3 26. Rf3 Ng6 27. Be3 Ng7 28. Nd2 Nh5 29. Raf1 Re4 30. Nb3 Rfe8 0-1

[Event "BL 0809 (Women)"]
[Site "Germany"]
[Date "2009.01.24"]
[Round "6.6"]
[White "Loesch, Yvonne"]
[Black "Loeser, Sabine"]
[Result "1-0"]
[WhiteElo "2028"]
[BlackElo "1519"]
[PlyCount "77"]
[EventDate "2008.11.08"]
[EventType "team-tourn"]
[EventRounds "11"]
[EventCountry "GER"]
[SourceTitle "EXT 2010"]
[Source "ChessBase"]
[SourceDate "2010.11.25"]
[SourceVersion "1"]
[SourceVersionDate "2010.11.25"]
[SourceQuality "1"]
[WhiteTeam "Lehrte (W)"]
[BlackTeam "Leipzig Allianz (W)"]
[WhiteTeamCountry "GER"]
[BlackTeamCountry "GER"]

1. d4 f5 2. g3 Nf6 3. Bg2 e6 4. Nf3 c6 5. 0-0 d5 6. c4 Bd6 7. Bf4 Bxf4 8. gxf4 0-0 9. e3 b6 10. Qc2 Bd7 11. Nbd2 Qe7 12. Rac1 Na6 13. Nb3 Rac8 14. c5 b5 15. Na5 Ne4 16. a4 Qd8 17. Nb3 Nb4 18. Qe2 bxa4 19. Nbd2 Qa5 20. Nxe4 fxe4 21. Ne5 Rc7 22. Ra1 Qb5 23. Qg4 Bc8 24. Rfb1 Nc2 25. Bf1 Qa5 26. Ra2 Rf6 27. b3 Qc3 28. Qe2 axb3 29. Rab2 Nxd4 30. exd4 Qxd4 31. Qe3 Qxe3 32. fxe3 d4 33. exd4 Rxf4 34. Rxb3 g5 35. Rg3 g4 36. Bg2 h5 37. h3 Ba6 38. Re1 Rg7 39. hxg4 1-0